| 000 | 01609nam a22003737a 4500 | ||
|---|---|---|---|
| 003 | OSt | ||
| 005 | 20141022173259.0 | ||
| 008 | 141015b1987 slv spa | ||
| 020 | _a968-18-2518-7 (obra completa) | ||
| 040 | _cBMC | ||
| 082 | _a658.3 | ||
| 082 | _a657 | ||
| 245 | 0 | 0 |
_aBiblioteca del ejecutivo moderno _b: serie II |
| 250 | _a1ª ed | ||
| 260 |
_aMexico, D. F. _bLimusa _c1987 |
||
| 300 |
_a8 v. _bil., gráf. _c28 cm |
||
| 490 | _aSerie II | ||
| 505 | _aContiene: Vol. 1-2: Contabilidad administrativa / S. Winton Korn, Thomas Boyd ; versión española, Delfino Ordoñez García - Vol. 3-4: Administración de personal / Andrew F. Sikula ; versión española, Ana Elena Ferrer Ramírez - Vol. 5-6: Administración para supervisores / R. W. Eckles, R. L. Carmichael, B. R. Sarchet ; versión española, Ricardo Calvet Pérez - Vol. 7-8: Métodos efectivos de ventas / William J. E. Crissy ; versión española, Ricardo Calvet Pérez | ||
| 595 | _aTraducción de : Managerial accounting | ||
| 650 | 2 | 4 |
_96298 _aDirección de personal |
| 650 | 2 | 4 |
_95702 _aGestión de recursos humanos |
| 650 | 2 | 4 |
_9877 _aContabilidad |
| 700 | 1 |
_926720 _aKorn, S. Winton |
|
| 700 | 1 |
_926719 _aBoyd, Thomas |
|
| 700 | 1 |
_926721 _aOrdoñez García, Delfino |
|
| 700 | 1 |
_926727 _aSikula, Andrew F. |
|
| 700 | 1 |
_926726 _aFerrer Ramírez, Ana Elena |
|
| 700 | 1 |
_926724 _aEckles, Robert W. |
|
| 700 | 1 |
_926722 _aCarmichael, R. L. |
|
| 700 | 1 |
_926723 _aSarchet, Bernard R. _d1917-2000 |
|
| 700 | 1 |
_95028 _aCalvet Pérez, Ricardo |
|
| 700 | 1 |
_926725 _aCrissy, William Joseph Eliot |
|
| 942 |
_2ddc _cBK |
||
| 999 |
_c14668 _d14668 |
||